[Event "E Candidates Chess Tournament 2022"]
[Site "Chess.com"]
[Date "2022.07.03"]
[Round "13"]
[White "Nakamura, Hikaru"]
[Black "Duda, Jan Krzysztof"]
[Result "1-0"]
[WhiteElo "2760"]
[BlackElo "2750"]
[EventDate "2022.??.??"]
[Annotator "samsh"]
[PlyCount "103"]
[Beauty "6875437353493"]
[EventType "schev"]
[EventRounds "4"]
[EventCountry "FID"]

1.e4 c5 2.Nf3 d6 3.d4 cxd4 4.Nxd4 Nf6 5.Nc3 a6 6.Be3 e5 7.Nf3 {The Najdorf is a great opening for Black, and White surely has no advantage anywhere. But, the burden of memorization is extremely high, and there are a ton of lines you need to know. As such, most people jump around a lot with the white pieces and look to poke and prod in different spots. I would know firsthand—I actually beat the Najdorf twice myself in the recently concluded Prague Masters, but I chose a different line the second time around. It surprises me a little that Hikaru repeated the same variation that he played with Firouzja a few days ago, but you can't argue with success $1} 7...Be7 {The main move.} ( 7...Nc6 {This was Alireza's choice, and is also playable, though he got into trouble later on when he was a little too ambitious.} ) 8.h3 {This has been something of a trend as of late, though it doesn't strike me as that challenging for Black.} 8...h6 9.Bc4 Be6 10.Bb3 {This position is extremely common without h3 and /h6 included, and I don't think their inclusion should change much.} 10...Nc6 {Probably fine, but might not be totally necessary.} ( 10...O-O {Castling looks quite acceptable to me.} ) 11.Nh4 Na5 $6 ( 11...O-O {Call me old-fashioned, but I like castling $1} ) 12.Bxe6 fxe6 13.Ng6 {Once the knight gets to g6, White should be able to put some pressure. Still, it's nothing too amazing since Black's king will be fine on f7.} 13...Rg8 14.O-O Nc4 15.Bc1 Rc8 16.h4 $2 {I think this was a misunderstanding of the position. White's knight on g6 is not really worth maintaining—it did its job by preventing castling. Its highest and best use will be to take e7 once it is attacked.} ( 16.b3 $1 Ne3 ( 16...Na5 17.Bb2 Kf7 18.Nxe7 $1 {White's proud knight has been exchanged, but he is trading one advantage for another.} 18...Qxe7 19.f4 $1 {The attack is coming and Black has some real problems to solve.} ) 17.Bxe3 Rxc3 18.Bd2 $1 {White is ready for c4, Bb4, and f4. Black will really regret the center being so loose.} ) 16...Rc6 ( 16...Kf7 $1 17.h5 Qc7 {Black should be fine here. He has typical Najdorf counterplay with /b5-b4 coming soon.} ) 17.Qf3 Kf7 18.h5 Qc7 19.Nd1 Nb6 20.Ne3 Nd7 21.c4 {The last several moves have been fine enough, but again, I think Hikaru made the wrong choice when the g6-knight was attacked.} 21...Nf8 22.Nh4 $6 ( 22.Nxe7 Qxe7 23.b3 {White can plan for Ba3 and rooks on the d-file. He might be a little better here, he might not. Still, it looks much better than the game continuation.} ) 22...Nh7 $1 {Now all of a sudden White is more or less losing a pawn by force. /Ng5 is coming and White cannot move the knight on e3 without losing c4. Still, he retains compensation since Black's position is a bit loose, his structure is not great, and White has more space.} 23.b3 Ng5 24.Qe2 Ngxe4 25.Bb2 {It's not that hard to imagine an f2-f4 advance coming and causing trouble in the coming moves, but Black should be a bit better if he plays it right. Duda played it well to a point.} 25...Re8 $1 26.Ng6 Kg8 {Castling by hand is a good start.} 27.Rad1 a5 28.Ng4 Bd8 29.Nxf6+ Nxf6 30.Rd2 Nd7 31.Rfd1 $2 {An uncharacteristic blunder from Hikaru. I suspect he may have just completely missed /Bg5.} ( 31.Ba3 $1 {This should be preferred. White has reasonable pressure against d6 and more active pieces to compensate for the missing pawn. My machine screams draw, but in practice this position looks rich and can be playable for both sides.} ) 31...Bg5 $1 32.Rd3 b5 $1 {Well spotted. Now White's space advantage is attacked at the source, and the b5-pawn is immune from capture. To here, I think Hikaru was largely outplayed and he is close to lost. But one of the things that makes him Hikaru is that, somehow, whenever he gets a lost position, he has this incredibly frustrating habit of matching the machine every move for the rest of the game $1 I've played him a bunch of times in classical chess. I've only lost once, and I've outplayed him in at least three or four games and gotten really nice positions, even with Black. And every single time, he defended perfectly and not only made a draw, but almost made it look easy.} 33.Ba3 d5 $2 ( 33...b4 $1 {Black needed to blunt the bishop.} 34.Bb2 e4 $1 {Very nice. The pawn is immune from capture thanks to ...Nc5, and ...d5 can come next. still, the position is not totally routine. After something like} 35.Rg3 d5 36.Rg4 $1 {White is ready for f4 next, and in human terms, this is not easy at all. Just thinking about having to beat Hikaru with Black here gives me nightmares.} ) 34.cxd5 Rc2 {It looks like b4 will trap the bishop next, and I'm sure this is what Duda had in mind when going for this line. But...} 35.Bd6 $1 {... Hikaru never misses shots like this. Just two moves after the machine claims White is lost, Black should be careful to maintain the balance.} 35...Rxe2 ( 35...Qxd6 $2 36.Qxc2 ) 36.Bxc7 Nc5 ( 36...exd5 {Given how problematic the d-pawn became, I think Black should have just taken it here.} 37.Rxd5 Nf6 38.Rxb5 Nxh5 {Anything other than a draw would be pretty surprising.} ) 37.d6 Nd7 {This really feels like capitulation. The d-pawn is incredibly powerful.} ( 37...Nxd3 $1 {With more time, I'm sure Duda would have evaluated this position better.} 38.Rxd3 {The d-pawn will cost Black his bishop, but he should be okay. He takes some pawns, trades some stuff, and makes a passer on the a-file.} 38...Rxa2 39.d7 Ra8 40.d8=Q+ Bxd8 41.Bxd8 a4 $1 {Black has fair counterplay here.} ) 38.Bxa5 $1 Rxa2 39.Bb4 {Now the d-pawn is the boss of the board. Material is equal and Black's position is in shambles.} 39...Bd8 40.Rc3 $1 Bb6 41.Kh2 {The f-pawn is of little consequence, and White is ready for Rc7.} 41...Kh7 ( 41...Rxf2 42.Rc7 $1 Rf7 ( 42...Bxc7 43.dxc7 {White's rook will reach d8 and the pawn promotes directly.} ) 43.Rb7 {Black is completely powerless to stop Ne7 from ending the game next move.} ) 42.f3 $1 {Nice and simple. Everything is safe and protected, material remains equal, and Black is strategically busted. Despite the balance in raw pieces on the board, my machine offers +5 for White.} 42...Ra7 43.Rc6 Be3 44.Bd2 Bd4 45.Bc3 Be3 46.Rc7 Rea8 47.Kh3 $1 {A sadistic move. Black is nearly in zugzwang, and e5 will hang sooner rather than later.} 47...b4 48.Bxb4 Rb8 49.Bc3 Rxb3 50.Rc8 Rb8 51.Rxb8 Nxb8 52.d7 {The fork on f8 decides the game. This was far from Hikaru's cleanest effort, but he immediately grabbed his chance once it came. He moves into clear second place going into the last round. I honestly think he got unlucky that Nepo was on such massive form— under other circumstances, Hikaru could really be fighting for first by bringing this quality of play to the Candidates.} 1-0

[Event "E Chess Olympiad 2022"]
[Site "Chess.com"]
[Date "2022.07.29"]
[Round "1"]
[White "Shirov, Alexei"]
[Black "Toczek, Grzegorz"]
[Result "1-0"]
[WhiteElo "2704"]
[BlackElo "2287"]
[EventDate "2022.??.??"]
[Annotator "rafael"]
[PlyCount "53"]
[Beauty "8251705944095"]
[EventType "team-tourn"]
[EventCountry "FID"]
[TimeControl "5400+30"]

{Shirov's games are famous for their entertainment value and this one is no different. We have a brave opening idea, a very complicated middlegame with chances for both sides, some inaccuracies, combinations, and a beautiful final touch. This legendary player never ceases to amaze us.} 
1.e4 d6 2.d4 Nf6 3.Nc3 e5 4.Nf3 Nbd7 5.g4 $5 {Shirov is fond of playing the g4-move in the opening. White can consider this idea without sacrificing the pawn, playing 5.Rg1 first.} ( 5.Bc4 {is the classical move.} ) ( 5.Rg1 $5 ) 5...Nxg4 $1 {Accepting the gift.} 6.Rg1 Ngf6 7.Bc4 {The g-file is opened and Black has to lose time before finishing the development. The position looks good for White, but it's actually not easy to break Black's defense.} 7...h6 8.dxe5 dxe5 9.Be3 c6 10.Qd3 b5 11.Bb3 ( 11.Bxf7+ $2 {This move finds a neat refutation.} 11...Kxf7 12.Nxe5+ Nxe5 $1 13.Qxd8 Nf3+ 14.Kd1 ( 14.Kf1 Bh3+ ) 14...Nxg1 {with a big advantage for Black.} ) 11...Qa5 12.O-O-O Ba6 13.Nd2 $1 {A difficult but necessary move. White defends against the …b5-b4 advance and prepares to break with f2-f4.} 13...Rd8 ( 13...O-O-O {This is an important alternative.} 14.Bxf7 Nc5 ( 14...b4 $6 15.Nb3 $1 Bxd3 16.Nxa5 Ba6 17.Nb1 {with advantage for White. Todorovic-Solak, Cetinje 2010.} ) 15.Qf1 b4 16.Ne2 Kb8 {with a roughly equal position.} ) 14.Qf1 $1 c5 $2 {A new move.} ( 14...g6 {is possible since White can't advance the f-pawn yet.} 15.f4 $6 b4 16.Nc4 Bc5 $3 {A fantastic resource $1} 17.Bxc5 Qxc5 18.Nd6+ Qxd6 19.Qxa6 Qc5 {and Black was much better in Cmor-Kodric, Ptuj 2014.} ) ( 14...b4 15.Nc4 $1 bxc3 16.Nxa5 cxb2+ 17.Kxb2 Bxf1 18.Rdxf1 {with good compensation for the pawn.} ) ( 14...Nc5 15.Bxc5 Bxc5 16.Rxg7 b4 17.Nc4 Qc7 $1 ( 17...bxc3 $2 18.Nxa5 cxb2+ 19.Kxb2 Bxf1 20.Rxd8+ Kxd8 21.Nb7+ Ke8 22.Nxc5 {with a clear advantage for White in Kuybokarov-Vakhidov, Penang 2016.} ) 18.Rxd8+ Qxd8 {with a complicated game.} ) 15.Nd5 $2 {Shirov doesn't resist a sacrifice, but this is not the best. He had two better moves.} ( 15.f4 $1 {is the most brutal. After} 15...c4 16.fxe5 Nxe5 17.Qf5 $1 {White is winning in all the lines.} 17...Nc6 ( 17...Bd6 18.Rxg7 cxb3 19.Qxf6 bxa2 20.Nxa2 Qxa2 21.Nb3 {with a decisive attack.} ) 18.Nd5 $1 Nxd5 19.exd5 Ne7 20.Qe5 $1 cxb3 21.Nxb3 Qxa2 22.d6 {winning.} ) ( 15.a4 $5 {is more positional, but also good.} 15...bxa4 ( 15...b4 16.Nb5 $18 ) ( 15...c4 16.axb5 $18 ) 16.Bc4 $16 {with a clear advantage.} ) 15...c4 16.Nxc4 bxc4 17.Bxc4 Bb7 $6 ( 17...Bxc4 {is better.} 18.Qxc4 Bd6 $1 {The only move to keep Black's position together.} ( 18...Nxd5 $2 19.Rxd5 Qb4 20.Qc7 {with a strong initiative.} ) 19.Rxg7 Nxd5 20.Rxd5 Qc7 21.Qxc7 Bxc7 22.Bxa7 {White has three pawns for the piece, but objectively Black has the advantage in this endgame.} ) 18.Bd2 ( 18.Nxf6+ $1 Nxf6 19.Bb5+ Nd7 20.Qc4 {with a dangerous initiative.} ) 18...Qc5 19.Bb4 Qc8 20.Ba5 ( 20.Nxf6+ {leads to a draw, but Shirov, naturally, wants more.} 20...Nxf6 21.Bb5+ Bc6 22.Rxd8+ Kxd8 23.Ba5+ Ke7 24.Bb4+ Kd8 $11 ) 20...Nxd5 $2 {White's compensation for the piece is too strong after this mistake} ( 20...Bxd5 $1 21.Bxd5 Be7 22.Bxd8 Bxd8 {and Black is holding. The computer evaluates this as 0.00, as always.} ) 21.Bxd5 Ba6 22.Qh3 Nb6 23.Qh5 $1 {Shirov conducts the initiative with his typical flair.} 23...Rd7 ( 23...Nxd5 24.Qxe5+ Qe6 25.Qd4 $1 Bb7 26.exd5 Rxd5 27.Qxa7 {with a decisive attack.} ) 24.Qxe5+ Re7 25.Qd4 ( 25.Qf4 $18 ) ( 25.Qd6 $18 ) 25...Nxd5 26.Qa4+ $1 ( 26.Qxd5 $6 {is not so clear.} 26...Rd7 27.Qe5+ Be7 ) 26...Qd7 $2 ( 26...Rd7 {was necessary, but White has a winning initiative after} 27.exd5 ) 27.Rxd5 $1 {Beautiful $1} ( 27.Rxd5 Qxa4 28.Rd8# ) 1-0

[Event "WCO"]
[Site "Chennai, India"]
[Date "2022.08.05"]
[Round "7.2"]
[White "So, Wesley"]
[Black "Melkumyan, Hrant"]
[Result "1-0"]
[WhiteElo "2773"]
[BlackElo "2634"]
[EventDate "2022.??.??"]
[Annotator "Kuljasevic,Davorin"]
[PlyCount "59"]
[Beauty "8249021592097"]
[EventType "team-tourn"]
[EventCountry "IND"]

{Wesley So is renowned for his positional finesse and endgame technique, but he reminds us of his exceptional attacking and combinational talent every once in a while. His opponent's grave blunder marked today's game, but it was a spectacular game, nevertheless. As they say, it takes two to tango.} 
1.e4 c6 2.Nc3 {Wesley goes for the flexible Two Knights variation against the Caro-Kann.} ( {Recently So mostly played} 2.d4 d5 3.e5 Bf5 4.Nd2 $5 {, an interesting positional line that he suggested in his 1.e4 Lifetime Repertoire course.} ) 2...d5 3.Nf3 Bg4 {Melkumyan goes for the classical line.} ( {In modern times,} 3...dxe4 4.Nxe4 Nf6 $5 {has been a popular alternative for Black, inviting White to capture} 5.Nxf6+ {when} ( 5.Qe2 {is better.} ) 5...exf6 {leads to a dynamic pawn structure where Black usually scores well.} ) 4.h3 Bxf3 5.Qxf3 e6 {Having exchanged his problematic light-squared bishop, Black sets up a super-solid pyramidal structure in the center. It allows him to develop his pieces to their natural squares and complete the opening smoothly. On the other hand, White's bishop pair may prove to be an asset in the long run, but it isn't simple to open up the position to maximize its potential. Moreover, the knight is not placed ideally on c3, and White usually needs to reroute it to a better square in the future. In short, both sides have something to look forward to in the ensuing middlegame.} 6.Be2 {This simple developing move is probably the most popular among several reasonable options.} ( {Bobby Fischer used to play} 6.d3 {, often in combination with g2-g3,} ) ( {while} 6.d4 {is a more direct approach.} ) 6...Bc5 {Black takes control of the d4-square since White might want to go d2-d4 at some point.} 7.O-O Nd7 8.exd5 {Typically, White doesn't release the tension in the center so early, but Wesley wants to prepare the d4-break without worrying about his opponent pushing the pawn to d4 himself.} ( {In the event of the immediate} 8.Rd1 {Black has a strong tactical retort:} 8...d4 9.Nb1 Ne5 10.Qg3 d3 $1 11.Qxe5 ( {If White takes the pawn} 11.Bxd3 Nxd3 12.cxd3 {Black has a typical positional compensation for the pawn after} 12...Ne7 $1 ) 11...Bd4 $1 12.Qg3 dxc2 13.Re1 cxb1=Q 14.Rxb1 Nf6 {Black returned the sacrificed material and had a pleasant position in Sarana,A (2649)-Vachier Lagrave,M (2784) Chess.com INT 2021, 0-1 (48)} ) ( {I should mention another relevant alternative} 8.Qg3 $5 Bd4 9.exd5 exd5 {when White can carry out a cool regrouping maneuver:} 10.Bd1 $1 Ne7 11.Ne2 Be5 12.Qf3 O-O 13.d4 Bc7 14.c3 Nf6 15.Bc2 {and he appears to have a tiny edge in this symmetrical structure thanks to the bishop pair. Tomczak,J (2584)-Socko,B (2636) Kruszwica 2022, 1-0 (83)} ) 8...cxd5 ( {If Black recaptures with the e-pawn} 8...exd5 {, White can achieve something similar to the abovementioned line by playing} 9.Re1 Ne7 10.Na4 Bd6 11.d4 O-O 12.Bd3 {with a slight positional edge.} ) 9.Rd1 Ngf6 10.d4 {We are about to enter the reversed Carlsbad structure, quite typical of the Caro-Kann Defense. Because both sides have some pieces on suboptimal squares, adjustments are needed; over the next few moves, Black will reroute his knight to c6, while White will bring the bishop to the b1-h7 diagonal and transfer the knight from c3 to e2.} 10...Be7 ( {Black wouldn't mind placing his bishop on a more active diagonal with} 10...Bd6 {in principle. However, in this position, it runs into} 11.Nb5 $1 Bb8 12.c4 {and White will open up the position for his bishops.} ) 11.Bd3 O-O 12.Bf4 {A sensible novelty. With the bishop on f4, the position starts to resemble some lines of the London System.} ( {A previous game in this position saw} 12.Ne2 Qb8 13.Nf4 b5 14.h4 {with double-edged play. Dragnev,V (2535)-Fridman,D (2626) Katowice 2021, ½-½ (64)} ) 12...Nb8 13.Ne2 Nc6 14.c3 Re8 {Black slowly prepares the e5-break.} ( {He had decent alternatives in} 14...Bd6 15.Bg5 h6 16.Bh4 Be7 {, trying to exchange the dark-squared bishops;} ) ( {and} 14...a6 15.Re1 Rc8 {, preparing queenside counterplay with ...Nc6-a5-c4, ...b7-b5, etc.} ) 15.Re1 {Wesley slides his rook to the e-file, preparing for the upcoming kingside battle.} 15...g6 {It is not uncommon for Black to set up a sort of a Stonewall on the light squares in this type of position. This way, he diminishes the attacking power of the light-squared bishop and covers some critical squares like f5 and h5. On the flip side, this move weakens the dark squares around the king. It also creates a hook for piece sacrifices on e6, f7, or g6.} 16.Ng3 Nd7 {A multi-purpose move, giving Black options like ...e6-e5 and ...Be7-f6/g5.} 17.Re3 {This is a controversial choice of a square for the rook. White should double the rooks on the e-file, but it feels more exposed here than on e2.} ( 17.Re2 Bf6 18.Rae1 {would have been simpler as Black will find it difficult to push ...e6-e5.} ) 17...e5 $5 {Melkumyan takes the bull by the horns. Instead of waiting for White to pile up his pieces on the kingside and start the attack, he opens the center, hoping to obtain active counterplay. A quiet maneuvering struggle transforms into a double-edged affair in an instant $1} 18.Bh6 $6 {It is difficult to decide whether this move is a blunder or a perfect trap. It took Wesley 10 minutes to make it, so there was certainly a significant element of the latter.} ( {Objectively speaking, it would have been better to respond with} 18.dxe5 {and after} 18...Bc5 19.e6 $1 Rxe6 20.Rxe6 fxe6 {White could claim a slight plus thanks to a better pawn structure.} ) 18...e4 $4 {It is difficult to say what Melkumyan thought when he played this move. Perhaps he analyzed only positions where White sacrifices a bishop or knight on e4, but he forgot about} ( {So surely saw that 18. ...e4 doesn't work before making his 18th move, so he probably thought that his opponent would play} 18...exd4 19.cxd4 Nxd4 20.Qxd5 Nc5 {which leads to roughly balanced play.} ) ( {However, he missed an equally devilish intermezzo} 18...Bf8 $1 19.Bxf8 {which makes} 19...e4 $1 {work since White cannot sacrifice on e4 anymore. After} 20.Qf4 Nxf8 {Black would have a clear advantage thanks to the space gained over the last few moves.} ) 19.Rxe4 $3 {This may easily end up being the move of the Olympiad $1 The rook sacrifice is stunning, but its follow-up is even more brilliant.} 19...Nf8 {It is difficult to recover from such a shock, but Melkumyan managed to pull himself together and continue the game. Unfortunately, without the pawn, his position is hopeless.} ( 19...dxe4 {would lead to a forced checkmate in six moves after the queen sacrifice} 20.Qxf7+ $1 {to lure the black king out in the open.} 20...Kxf7 21.Bc4+ Kf6 22.Nxe4+ Kf5 23.g4+ Kxe4 24.Re1+ Kf3 {and White would have a tough choice between} 25.Re3# ( {and} 25.Bd5# {Such king-chase combinations were much more common in romantic 19th-century chess than today, so it's always refreshing to see them in modern grandmaster games $1} ) ) 20.Rf4 $1 {Some people would start retreating after winning material, hoping to trade into a winning endgame. But not Wesley. He wants to finish the game in style $1} 20...f5 21.Nxf5 $1 {Of course, he did not put the rook on f4 to just stand there; this piece sacrifice was planned so that he could utilize his attacking momentum.} 21...gxf5 22.Rxf5 Qd6 23.Qg4+ Ng6 {Forced,} ( {since} 23...Qg6 {loses the queen to} 24.Rxf8+ ) 24.Rxd5 $3 {White king's rook is the star piece of the game. This is the second time it is sacrificing itself for the greater good. Just like in the first instance, Black shouldn't capture it.} 24...Qf6 ( 24...Qxd5 {would lead to a checkmate or decisive loss of material after} 25.Bxg6 Kh8 26.Bxe8 {etc.} ) 25.g3 {White is already winning on all possible grounds: attacking, positional, material, so he is in no rush.} ( {Wesley wanted to ensure that Black cannot exchange the queens after} 25.Rf5 Qh4 ) 25...Bf8 26.Rf5 {The lively rook returns to the f-file, where it can do the most damage.} 26...Qe7 27.Bc4+ Kh8 28.Bg5 {Melkumyan resigned because he would be losing a lot of material soon. For example,} 28...Qd6 29.Rf6 Qc7 30.Rf7 {and he would have to give up the queen to avoid the checkmate on h7.} 1-0